| 000 | 02272nam0a2200373 4500 | ||
|---|---|---|---|
| 001 | RU\NLR\BIBL_A\022456699 | ||
| 005 | 20250718154131.0 | ||
| 010 |
_a978-5-9961-3347-5 _9500 |
||
| 021 |
_aRU _bКН-П-24-081870 _9КН-П-24-8158 |
||
| 035 | _a(NLR Aleph) 022456699 | ||
| 090 |
_a13454645 _c13454645 |
||
| 100 | _a20250213d2024 k y0rusy50 ca | ||
| 101 | 0 | _arus | |
| 102 | _aRU | ||
| 105 | _aa z 100yy | ||
| 181 | 0 |
_ai3 _baxxe |
|
| 182 | 0 | _an | |
| 200 | 1 |
_aДорожная наука - дорожной отрасли _eматериалы региональной научно-практической конференции (Тюмень, 26 апреля 2024 года) _fМинистерство науки и высшего образования Российской Федерации, Федеральное государственное бюджетное образовательное учреждение высшего образования "Тюменский индустриальный университет" _gответственный редактор: кандидат технических наук, доцент А. В. Замятин |
|
| 203 |
_aТекст _bвизуальный _cнепосредственный |
||
| 210 |
_aТюмень _cТИУ _d2024 |
||
| 215 |
_a101 с. _cил., табл. _d21 |
||
| 313 | _aПо изд. 2023 г. | ||
| 320 | _aБиблиогр. в конце ст. | ||
| 606 | 1 |
_aДорожное строительство _jСъезды, совещания и т.п _xНаучно-исследовательская работа _91124726 _3RU\NLR\AUTH\66446076 |
|
| 686 | 1 | _aО311е(2)я431(2) | |
| 702 | 1 |
_aЗамятин _bА. В. _gАлексей Валерьевич _4340 |
|
| 711 | 1 | 2 |
_a"Дорожная наука - дорожной отрасли", региональная научно-практическая конференция _eТюмень _f2024 _92655934 _3RU\NLR\AUTH\880623566 |
| 712 | 0 | 2 |
_4475 _aТюменский индустриальный университет _9527917 _3RU\NLR\AUTH\880431779 |
| 942 | _cBOOK | ||
| 980 | _aNB | ||
| 980 | _aNB | ||